000 01016nam0a22002651 4500
001 v19\rc\1696288
005 20260406062510.0
035 _a(NLR Aleph) 004799069
090 _a4809749
_c4809749
100 _a20061002d1897 |||y0rusy50 ca
101 0 _arus
102 _aRU
105 _ay z |||a|
200 1 _aЧудный королевский амбар
_eНескончаемая араб. история, рассказ. довольно кратко дамас. судьей Абу-Юсуфом и др. его же поучит. и занимат. вост. рассказы
210 _aМосква
_cИ.А. Морозов
_d1897
215 _a32 с.
_d17
702 1 _4570
_8rus
_7ca
_aАбу Юсуф
_bЯ. ибн И.
_f731-798
_gЯкуб ибн Ибрахим
_3RU\NLR\AUTH\7712684
_9122395
801 0 _aRU
_bNLR
_gpsbo
801 0 _aRU
_bRuMoRGB
_2psbo
801 1 _aRU
_bProSoft-M
_2rusmarc
852 _aNLR
_j20.97.5.209
899 _aRuMoRGB
_jA 244/862
942 _cBOOK
980 _aNB